000 00867cac a2200253 a 4500
003 CO-PeBPM
005 20250708111957.0
007 ta
008 240613s[260c]|ck ax ||||||||||||||spaund||
020 _a9589400566
040 _aCO-PeBPM
_bspa
_cCO-PeBPM
_erda
041 _aspa
082 0 4 _a616.5 F177de
_222
100 _aFalabella Falabella, Rafael
245 0 _aDermatología /
245 0 _cRafael Falabella Falabella... {et al.}
250 _a6 ed
260 _aMedellín,Colombia:
260 _bCorporación para Investigaciones Biológicas
500 _aIncluye índice y atlas en color al final de la obra
_aLecturas recomendadas al final de cada capítulo
650 _aDermatología
_aPiel
_z-Enfermedades
700 _aBarona Cabal, María Isabel, Coaut.
_aDomínguez Soto, Luciano, Coaut.
_aVictoria chaparro, Jairo, Coaut
942 _2ddc
_cBK
_n0
999 _c60995
_d60995